Flags of the Persian Gulf countries - Sudden Death - Statistics

General Stats
  • This quiz has been taken 33 times
  • The average score is 6 of 8
Answers on the Grid
Answers color-coded by a green-red scale on the quiz's grid according to % correct below.
 
Answer Stats
Answer % Correct
Saudi Arabia
86%
Iran
75%
Bahrain
75%
Qatar
75%
Kuwait
68%
Oman
64%
UAE
61%
Iraq
57%
No matching quizzes found
Score Distribution
Percent of People with Each Score
Percentile by Number Answered
Your Score History
You have not taken this quiz